Pays avec le plus de villes de plus de 500 000 habitants - Statistiques

Statistiques générales
  • Ce quiz a été pris 103 fois
  • Le résultat moyen est 17 sur 20
Statistiques - réponses
Rang Pays Nombre de Villes % Correct
1 Chine 170
100%
3 États-Unis 80
99%
4 Brésil 45
97%
2 Inde 95
97%
20 Allemagne 9
93%
19 France 9
93%
8 Japon 22
93%
6 Russie 30
93%
10 Mexique 17
91%
5 Indonésie 35
86%
7 Pakistan 22
81%
9 Nigeria 18
79%
11 Iran 15
78%
15 Turquie 12
76%
13 Bangladesh 14
73%
14 Égypte 13
73%
16 Vietnam 11
73%
17 Thaïlande 10
69%
12 Philippines 14
67%
18 Corée du Sud 9
66%
Aucun quiz correspondant
Distribution des résultats
% des personnes avec chaque résultat
Percentile par nombre de réponses
Votre historique - résultats
Vous n’avez pas pris ce quiz